Criticism as dialogue / (Record no. 3382)

MARC details
000 -LEADER
fixed length control field 01462cam a22003375i 4500
003 - CONTROL NUMBER IDENTIFIER
control field EG-ScBUE
005 - DATE AND TIME OF LATEST TRANSACTION
control field 20200119120027.0
008 - FIXED-LENGTH DATA ELEMENTS--GENERAL INFORMATION
fixed length control field 190724r20061969enk f 001 0 eng d
020 ## - INTERNATIONAL STANDARD BOOK NUMBER
International Standard Book Number 0521035031
020 ## - INTERNATIONAL STANDARD BOOK NUMBER
International Standard Book Number 9780521035033
040 ## - CATALOGING SOURCE
Original cataloging agency EG-ScBUE
Language of cataloging eng
Description conventions rda
Transcribing agency EG-ScBUE
Modifying agency EG-ScBUE
082 04 - DEWEY DECIMAL CLASSIFICATION NUMBER
Classification number 801.95
Item number STE
Edition number 22
100 1# - MAIN ENTRY--PERSONAL NAME
Personal name Stein, Walter,
Dates associated with a name 1924-
Relator term author.
245 10 - TITLE STATEMENT
Title Criticism as dialogue /
Statement of responsibility, etc Walter Stein.
264 #1 - PUBLICATION, DISTRIBUTION, ETC. (IMPRINT)
Place of publication, distribution, etc Cambridge :
Name of publisher, distributor, etc Cambridge University Press,
Date of publication, distribution, etc 2006.
300 ## - PHYSICAL DESCRIPTION
Extent x, 252 pages ;
Dimensions 21 cm
336 ## - CONTENT TYPE
Content type term text
Content type code txt
Source rdacontent
337 ## - MEDIA TYPE
Media type term unmediated
Media type code n
Source rdamedia
338 ## - CARRIER TYPE
Carrier type term volume
Carrier type code nc
Source rdacarrier
500 ## - GENERAL NOTE
General note Includes index.
500 ## - GENERAL NOTE
General note First published by 1969.
520 ## - SUMMARY, ETC.
Summary, etc Walter Stein is a 'radical Christian humanist' - a term which he defines in his opening chapter. This book discusses the 'radical Christian humanist' approach to literature. His aim is to test this standpoint in 'dialogue' with liberal humanist or Marxist approaches to literature and in relation to the great issues which literature embodies.
650 #7 - SUBJECT ADDED ENTRY--TOPICAL TERM
Topical term or geographic name as entry element Criticism.
Source of heading or term BUEsh
9 (RLIN) 5477
650 #7 - SUBJECT ADDED ENTRY--TOPICAL TERM
Topical term or geographic name as entry element Religion and literature.
Source of heading or term BUEsh
650 #7 - SUBJECT ADDED ENTRY--TOPICAL TERM
Topical term or geographic name as entry element Tragic, The.
Source of heading or term BUEsh
651 ## - SUBJECT ADDED ENTRY--GEOGRAPHIC NAME
Source of heading or term BUEsh
653 ## - INDEX TERM--UNCONTROLLED
Resource For college Humanities: English
Arrived date list July2019
856 42 - ELECTRONIC LOCATION AND ACCESS
Materials specified Publisher description
Uniform Resource Identifier <a href="http://www.loc.gov/catdir/enhancements/fy0702/69012929-d.html">http://www.loc.gov/catdir/enhancements/fy0702/69012929-d.html</a>
856 42 - ELECTRONIC LOCATION AND ACCESS
Materials specified Table of contents only
Uniform Resource Identifier <a href="http://www.loc.gov/catdir/enhancements/fy0702/69012929-t.html">http://www.loc.gov/catdir/enhancements/fy0702/69012929-t.html</a>
942 ## - ADDED ENTRY ELEMENTS (KOHA)
Koha item type Book - Borrowing
Source of classification or shelving scheme Dewey Decimal Classification
Holdings
Withdrawn status Lost status Source of classification or shelving scheme Damaged status Not for loan Collection code Home library Current library Shelving location Date acquired Source of acquisition Total Checkouts Full call number Barcode Date last seen Date checked out Koha item type
    Dewey Decimal Classification     Baccah Central Library Central Library Second Floor 05/04/2007 Purchase 1 801.95 STE 000030538 15/07/2025 05/02/2009 Book - Borrowing